000 01033nam a2200265 a 4500
001 58663
003 BD-RjUL
005 20211209080639.0
008 161219s2012 bg a b 000 0 eng
020 _a9789845591805
035 _a(BD-RjUL)58787
040 _aDLC
_cDLC
_dDLC
_beng
041 _aeng
082 _223
_a331.2592095492
_bPOS 2012
245 0 0 _aPost training utilisation of skill development training organised by BARD :
_ba case of grassroots beneficiaries of Palli Pragati Prokalpa of BRDB /
_cMohammed Mir Kashem ... [et al.].
260 _aComilla :
_bBangladesh Academy for Rural Development,
_c2012.
300 _axiii, 99 p. :
_bill. ;
_c23 cm.
504 _aIncludes bibliographical references (p. 89-90).
650 0 _aOccupational training
_xGovernment policy
_zBangladesh.
_9174353
650 0 _aEmployees
_xTraining of
_zBangladesh.
_9174354
700 1 _aMir Kashem, Md.
_9171301
710 2 _aBāṃlādeśa Pallī Unnaẏana Ekāḍemī.
_9171305
942 _2ddc
_cBK
999 _c58663
_d58663